| 000 | 00834nam a2200229 a 4500 | ||
|---|---|---|---|
| 001 | 70198 | ||
| 003 | BD-RjUL | ||
| 005 | 20211209081956.0 | ||
| 008 | 170416s1966 enka b 101 0 eng d | ||
| 035 | _a(BD-RjUL)70411 | ||
| 040 |
_aDLC _cDLC _dBD-RjUL _beng |
||
| 041 | 0 | _aengfre | |
| 082 |
_223 _a518 _bNUM 1966 |
||
| 111 | 2 |
_aColloquium on Numerical Analysis _d(1976 : _cLausanne, Switzerland) _9207888 |
|
| 245 | 0 | 0 |
_aNumerical analysis : _ban introduction : based on a symposiumorganized by the Institute of Mathematics and Its Applications, Birmigham, England, 1965 / _cJ E Walsh |
| 260 |
_aLondon : _bAcademic Press, _c1966. |
||
| 300 |
_aXIV, 212 p. ; _c24 cm |
||
| 504 | _aIncludes bibliographical references and index | ||
| 650 | 0 |
_aNumerical analysis _vCongresses. _9207887 |
|
| 776 | 1 | _w(OCoLC)610217137 | |
| 942 |
_2ddc _cBK |
||
| 999 |
_c70198 _d70198 |
||